Joueurs de rugby français (par année de naissance) - Statistiques

Statistiques générales
  • Ce quiz a été pris 15 fois
  • Le résultat moyen est 19 sur 40
Statistiques - réponses
Par images Hint Réponse % Correct
1996 Damian Penaud
100%
1995 Thomas Ramos
100%
2002 Nolann Le Garrec
93%
2004 Théo Attissogbe
86%
1990 Uini Atonio
86%
1982 Frédéric Michalak
79%
1997 Thibaud Flament
79%
1994 Baptiste Serin
71%
1998 Cameron Woki
71%
2000 Yoram Moefana
71%
1999 Jean-Baptiste Gros
64%
2003 Nicolas Depoortère
64%
1993 Charles Ollivon
57%
1967 Philippe Saint-André
57%
1970 Raphaël Ibañez
57%
1987 Yoann Huget
57%
1992 Jefferson Poirot
50%
1969 Fabien Galthié
43%
1986 Fulgence Ouedraogo
43%
1980 Nicolas Mas
43%
1989 Rabah Slimani
43%
1974 Serge Betsen
43%
1981 Vincent Clerc
43%
1988 Wesley Fofana
43%
1968 Abdelatif Benazzi
36%
1983 Dimitri Szarzewski
36%
2001 Joshua Brennan
36%
1972 Christian Califano
29%
1985 Lionel Beauxis
29%
1991 Sébastien Vahaamahina
29%
1971 Christophe Lamaison
21%
1979 David Skrela
21%
1973 Olivier Magne
21%
1984 Benjamin Kayser
14%
1966 Jean-Luc Sadourny
14%
1978 Julien Bonnaire
14%
1965 Vincent Moscato
14%
1977 Jean-Baptiste Elissalde
7%
1976 Sylvain Marconnet
7%
1975 Thomas Castaignède
7%
Aucun quiz correspondant
Distribution des résultats
% des personnes avec chaque résultat
Percentile par nombre de réponses
Votre historique - résultats
Vous n’avez pas pris ce quiz